[Event "IRI-ch"]
[Site "Teheran"]
[Date "2017.03.05"]
[Round "1"]
[White "Firouzja, Alireza"]
[Black "Maghsoodloo, Parham"]
[Result "0-1"]
[WhiteElo "2470"]
[BlackElo "2576"]
[PlyCount "72"]
[EventDate "2017.03.05"]
[EventType "tourn"]
[EventRounds "11"]
[EventCountry "IRI"]
[EventCategory "10"]
[SourceTitle "CBM 177 Extra"]
[Source "ChessBase"]
[SourceDate "2017.04.27"]
[SourceVersion "1"]
[SourceVersionDate "2017.04.27"]
[SourceQuality "1"]

1. d4 Nf6 2. c4 e6 3. Nc3 Bb4 4. e3 O-O 5. Bd3 d5 6. Nf3 Nbd7 7. a3 ({RR} 7. cxd5 exd5 8. O-O c6 9. a3 Bd6 10. b4 a6 11. Rb1 Re8 12. a4 b5 13. a5 Ne4 14. Qc2 Ndf6 15. Ne2 Bg4 16. Ne5 Bxe2 17. Bxe2 Bxe5 18. dxe5 Rxe5 19. Qxc6 Re6 20. Qc2 Rc8 21. Qd3 Nc3 {Jumabayev,R (2631)-Maghsoodloo,P (2701) Abu Dhabi 2021 ½-½ (70)}) ({RR} 7. cxd5 exd5 8. O-O c6 9. Ne5 Nxe5 10. dxe5 Ng4 11. f4 d4 12. Ne4 dxe3 13. h3 Bf5 14. Qe2 Qd4 15. hxg4 Bxe4 16. Bxe4 Qxe4 17. Qxe3 Qc4 18. b3 Qc2 19. Rf2 Qd1+ 20. Kh2 Qxg4 21. Rf3 Rad8 {Grinev,V (2418)-Sarana,A (2668) chess.com INT 2023 0-1 (31)}) 7... Bxc3+ 8. bxc3 c5 9. cxd5 $146 ({RR} 9. Ne5 dxc4 10. Nxc4 b5 11. Ne5 c4 12. Qf3 Nb6 13. Bc2 Qc7 14. e4 Nbd7 15. Nxd7 Bxd7 16. e5 Bc6 17. Qh3 Be4 18. exf6 Bxc2 19. fxg7 Rfe8 20. Ra2 Bd3 21. f4 f5 22. Qh6 Qxg7 23. Qxg7+ Kxg7 {De Beer,L-Floer,S Tromsoe 2009 ½-½ (32)}) 9... exd5 10. O-O c4 11. Bb1 Qa5 12. Bb2 Ne4 13. Bxe4 dxe4 14. Nd2 Nf6 15. a4 Be6 16. Qc2 Qd5 17. Ba3 Rfe8 18. Rab1 Bd7 19. Rb4 Rac8 20. Rc1 Re6 21. Qd1 a6 22. Qf1 b5 23. Rbb1 Rce8 24. axb5 axb5 25. Bc5 Qg5 26. Ra1 Nd5 27. Ra7 Bc6 28. g3 f5 29. Kh1 h5 30. Qh3 Rg6 31. Ra6 Ree6 32. Nf1 Kh7 33. Bb4 f4 34. Re1 Ref6 35. Ra2 Rf7 36. Rae2 Bd7 0-1

[Event "Titled Tue 17th Oct Early"]
[Site "chess.com INT"]
[Date "2023.10.17"]
[Round "8"]
[White "Firouzja, Alireza"]
[Black "Martinez Alcantara, Jose Eduardo"]
[Result "1/2-1/2"]
[WhiteElo "2777"]
[BlackElo "2611"]
[PlyCount "33"]
[EventDate "2023.10.17"]

1. d4 {Psakhis,Lev} Nf6 2. c4 e6 3. Nc3 Bb4 4. e3 O-O 5. Bd3 d5 6. cxd5 exd5 7. a3 Bd6 8. Nge2 Re8 ({RR} 8... a5 9. Ng3 ({RR} 9. Qc2 Na6 10. Bd2 c6 11. Ng3 Re8 12. Nce2 Nc7 13. f3 Ne6 14. Nf5 Bf8 15. O-O c5 16. Bb5 Bd7 17. Bxd7 Nxd7 18. dxc5 Ndxc5 19. Rad1 Qb6 20. Bc3 Red8 21. Kh1 Qb3 22. Qd2 Qb6 23. Qe1 Na4) ({RR} 9. Rb1 Re8 10. Nb5 Bf8 11. O-O Na6 12. f3 Bd7 13. Nbc3 c5 14. b3 Nc7 15. Kh1 b5 16. dxc5 Bxc5 17. Nd4 Qb8 18. Nce2 Qb6 19. b4 axb4 20. axb4 Bd6 21. Qd2 Re7 22. Rb3 Be5 23. Nf5 Bxf5) 9... Re8 10. O-O c6 11. Qc2 Na6 12. Bd2 c5 13. Bb5 Bd7 14. dxc5 Nxc5 15. Rad1 Rc8 16. Bxd7 Qxd7 17. Bc1 Bxg3 18. hxg3 Nce4 19. Rd4 Qf5 20. Qd1 Re5 21. Ne2 Qg6 22. Nf4 Qh6 23. Bd2) ({RR} 8... c6 9. Ng3 Re8 10. O-O Nbd7 11. Nf5 Bf8 12. f3 c5 13. Ne2 cxd4 14. exd4 Qb6 15. Kh1 Nb8 16. Ne3 Nc6 17. Bc2 g6 18. Bb3 Be6 19. f4 Ne7 20. Ng3 Ng4 21. Nxg4 Bxg4 22. Qxg4 Qxb3) 9. Bd2 $146 ({RR} 9. b4 c6 10. Ra2 Nbd7 11. f3 a5 12. O-O ({RR} 12. b5 c5) 12... axb4 13. axb4 Rxa2 14. Nxa2 Nf8 15. Qc2 Qe7 16. Ng3 ({RR} 16. b5) 16... g6 17. Qd2 h5 18. Re1 ({RR} 18. b5 c5) 18... Ne6 19. Re2 h4 20. Nf1 h3 21. g3 b6 22. Bb2 c5 23. dxc5 bxc5 {Gurevich,D (2575)-De Firmian,N (2570) Chandler 1997 CBM 061 [Psakhis,Lev] 0-1 (43)} {RR} 24. bxc5 Bxc5 25. Nc1 Ng5 26. Rf2) ({RR} 9. Qc2 a6 10. h3 b6 11. b4 Nbd7 12. O-O c5 13. bxc5 bxc5 14. Rb1 c4 15. Bf5 g6 16. Bxd7 Bxd7 17. g4 Nxg4 18. hxg4 Qh4 19. Ng3 Bxg4 20. Rb6 Bf3 {0-1 (20) Duda,J (2743)-So,W (2770) Chess.com INT 2020}) ({RR} 9. O-O c6 10. Kh1 a6 11. f3 c5 12. g4 h6 13. Qe1 Nc6 14. Qf2 b5 15. Bd2 Ra7 16. Rg1 Bb7 17. Rae1 Ba8 18. h4 cxd4 19. exd4 Rae7 20. g5 Ne4 21. fxe4 dxe4 22. gxh6 Nxd4 23. Rxg7+ Kh8 {Kengurov,Y (2026)-Chen,Z (2263) Yekaterinburg RUS 2025 0-1 (32)}) 9... a5 10. Rc1 c6 11. f3 c5 12. dxc5 Bxc5 13. Nb5 Bb6 14. O-O Nc6 15. Nbd4 Ne5 16. Be1 Bd7 17. Bf2 1/2-1/2

[Event "Bullet Chess Winners 2024"]
[Site "chess.com INT"]
[Date "2024.06.10"]
[Round "2.15"]
[White "Firouzja, Alireza"]
[Black "Sevian, Samuel"]
[Result "1/2-1/2"]
[WhiteElo "2737"]
[BlackElo "2687"]
[PlyCount "112"]
[EventDate "2024.06.10"]
[EventType "k.o."]

1. d4 d5 2. c4 e6 3. Nc3 Nf6 4. Nf3 Bb4 5. g3 c5 6. cxd5 Nxd5 7. Bd2 cxd4 8. Nxd5 Bxd2+ 9. Qxd2 Qxd5 10. Qxd4 Qxd4 11. Nxd4 Bd7 12. Bg2 Bc6 13. Nxc6 Nxc6 14. Bxc6+ bxc6 15. Rc1 ({RR} 15. O-O-O Rd8 16. Rxd8+ Kxd8 17. Rd1+ Kc7 18. Rd4 e5 19. Rh4 h6 20. Rg4 g6 21. Ra4 Kb6 22. Re4 Re8 23. Kc2 f5 24. Rb4+ Kc7 25. f3 a5 26. Ra4 Kb6 27. Ra3 e4 28. Kd2 Rd8+ 29. Ke3 Re8 {Gelfand,B (2675)-Karpov,A (2725) Cap d'Agde 1998 ½-½ (52)}) 15... Kd7 16. b3 $146 ({RR} 16. O-O Rab8 17. Rc2 Rhd8 18. Rfc1 Rb6 19. f4 Kc7 20. Kf2 Kb7 21. b3 Rd6 22. e4 Rd7 23. Ke3 Rd6 24. g4 Rb4 25. Rc4 Rb6 26. h4 f6 27. g5 e5 28. fxe5 fxe5 29. Rf1 Rd7 30. h5 Kc7 {Gonzalez Garcia,J (2451)-Pablo Marin,A (2339) Barcelona ESP 2024 1-0 (37)}) 16... Kc7 17. f3 Rhd8 18. Kf2 Rd5 19. Rc3 Rad8 20. Rhc1 R8d6 21. Rc4 Kb6 22. Rb4+ Kc7 23. Ra4 a5 24. Rc2 Kb6 25. Rac4 Rd1 26. R4c3 g6 27. g4 Rh1 28. Kg3 Rg1+ 29. Kf4 h6 30. e4 Rgd1 31. Ke5 Kc7 32. Kf6 g5 33. Kxf7 e5 34. Ke7 Rg6 35. Kf7 Rdd6 36. Rc5 Kd7 37. Rd2 Rgf6+ 38. Kg7 Rg6+ 39. Kh7 Rxd2 40. Kxg6 Kd6 41. Rxa5 Rxh2 42. a4 Rh3 43. Ra8 Rxf3 44. Rb8 Kc7 45. Rb4 Rf4 46. a5 c5 47. Rb5 Rxe4 48. Rxc5+ Kb7 49. Rb5+ Ka6 50. Rd5 Rxg4 51. Rxe5 Rb4 52. Kxh6 Rb5 53. Rxb5 Kxb5 54. Kxg5 Kxa5 55. Kf4 Kb4 56. Ke3 Kxb3 1/2-1/2

[Event "Superbet ROM Classic 2024"]
[Site "Bucharest ROU"]
[Date "2024.07.02"]
[Round "6.1"]
[White "Firouzja, Alireza"]
[Black "So, W.."]
[Result "1-0"]
[WhiteElo "2737"]
[BlackElo "2757"]
[PlyCount "61"]
[EventDate "2024.06.26"]

1. d4 Nf6 2. c4 e6 3. Nc3 Bb4 4. a3 Bxc3+ 5. bxc3 b6 6. f3 Nc6 7. e4 Na5 8. c5 bxc5 9. Rb1 $146 ({RR} 9. Qa4 Nc6 10. Bb5 Ne7 11. dxc5 O-O 12. Be3 d5 13. e5 Nd7 14. f4 a5 15. Nf3 Nb8 16. Qc2 h6 17. O-O a4 18. Nd4 Bd7 19. Bd3 Nbc6 20. Qe2 Rb8 21. Rf3 Qe8 22. g4 f5 23. exf6 Rxf6 {Vuelban,V (2237)-Bellahcene,B (2521) Kuwait City KUW 2025 1-0 (33)}) ({RR} 9. Qa4 Nb7 10. Rb1 cxd4 11. cxd4 O-O 12. Ba6 Nxe4 13. fxe4 Qh4+ 14. Kd1 Qxe4 15. Qc2 Qxd4+ 16. Ke1 Qc5 17. Bd3 Qxc2 18. Bxc2 Nd6 19. Ne2 Bb7 20. Bf4 Bxg2 21. Rg1 Bd5 22. Ba4 f6 23. Bxd7 Nc4 {LCZero 0.31-dag-c93c6a8-BT4-6 (3652)-Berserk 20250113 tcec-chess.com INT 2025 ½-½ (79)}) 9... cxd4 10. cxd4 c5 11. dxc5 O-O 12. Bf4 Nb7 13. Qd4 Re8 14. Ne2 Qa5+ 15. Nc3 a6 16. Be3 Qxa3 17. e5 Nd5 18. Nxd5 exd5 19. Kf2 Nd8 20. Qxd5 Bb7 21. Rxb7 Nxb7 22. Qxb7 Rab8 23. Qd5 Qb2+ 24. Be2 Rxe5 25. Qd4 a5 26. Rb1 Qxb1 27. Qxe5 Kh8 28. Bd4 f6 29. Qd6 Qb7 30. Bxf6 Re8 31. Bc3 1-0

[Event "FIDE Candidates 2024"]
[Site "Toronto CAN"]
[Date "2024.04.07"]
[Round "4.4"]
[White "Abasov, N.."]
[Black "Firouzja, Alireza"]
[Result "1/2-1/2"]
[WhiteElo "2632"]
[BlackElo "2760"]
[PlyCount "127"]
[EventDate "2024.04.04"]

1. d4 Nf6 2. c4 e6 3. Nc3 Bb4 4. Qc2 d6 5. e3 O-O 6. Bd3 c5 7. dxc5 ({RR} 7. Nf3 Nc6 8. O-O Bxc3 9. Qxc3 Qe7 10. dxc5 dxc5 11. Ne5 Nxe5 12. Qxe5 Rd8 13. Bc2 Ng4 14. Qg3 e5 15. f3 Nf6 16. b3 Nh5 17. Qf2 Bd7 18. Bb2 Bc6 19. Rad1 h6 20. h3 Nf6 21. Qg3 Rxd1 {Erigaisi,A (2801)-Abdusattorov,N (2768) Wijk aan Zee NED 2025 1-0 (46)}) ({RR} 7. Nge2 Nc6 8. a3 Ba5 9. O-O h6 10. b3 cxd4 11. exd4 Bb6 12. Bb2 Nxd4 13. Nxd4 Bxd4 14. Rad1 e5 15. Nb5 Bg4 16. Be2 Bxe2 17. Qxe2 Bxb2 18. Qxb2 Ne8 19. Rd5 Qb6 20. Rfd1 Rd8 21. a4 Nf6 {Giannoulakis,L (2318)-Alexakis,D (2532) Loutraki GRE 2025 ½-½ (61)}) 7... Bxc5 8. Nf3 d5 9. O-O $146 ({RR} 9. a3 dxc4 10. Bxc4 b6 11. b4 Be7 12. Bb2 Bb7 13. O-O a5 14. Rfd1 Qc8 15. Qb3 axb4 16. axb4 Rxa1 17. Rxa1 Nc6 18. Na2 Rd8 19. Rc1 Qd7 20. h3 Qd6 21. Nd4 Nxd4 22. Bxd4 Ne4 23. Qb2 Bh4 {Kristoferitsch,D (2254)-Iniyan,P (2500) Sitges ESP 2023 0-1 (36)}) 9... dxc4 10. Bxc4 Nbd7 11. b3 a6 12. Bd3 b5 13. Ne4 Bb7 14. Nxc5 Nxc5 15. Bxb5 Nxb3 16. Qxb3 axb5 17. Rd1 Qc7 18. Bb2 Qc5 19. Bxf6 gxf6 20. Rac1 Qf5 21. Nd4 Qg5 22. Nc6 Ra6 23. h4 Qxh4 24. Qxb5 Rxa2 25. g3 Bxc6 26. Qxc6 Qh5 27. Kg2 Rb8 28. Qf3 Qg6 29. Ra1 Rxa1 30. Rxa1 Kg7 31. Ra4 Rb5 32. Rf4 h5 33. e4 Rg5 34. Kh3 e5 35. Rf5 Rxf5 36. Qxf5 Kh6 37. Qf3 Qg5 38. Qd1 Kg7 39. Qf3 Kg6 40. Qd1 f5 41. Qd6+ Qf6 42. exf5+ Kxf5 43. Qd3+ Kg5 44. Qe3+ Kg6 45. Kg2 Qc6+ 46. Kh2 Qd5 47. Qb6+ f6 48. Qb8 Qe6 49. Qa8 f5 50. Qd8 Qf6 51. Qe8+ Kh6 52. Kg2 f4 53. gxf4 Qxf4 54. Qh8+ Kg5 55. Qd8+ Kg4 56. Qd7+ Kh4 57. Qh3+ Kg5 58. Qb3 e4 59. Qc3 Qg4+ 60. Kh2 Kh4 61. Qf6+ Qg5 62. Qd6 Kg4 63. Qd1+ Kf4 64. Qd2+ 1/2-1/2

[Event "10th Sinquefield Cup"]
[Site "Saint Louis USA"]
[Date "2023.11.25"]
[Round "5.2"]
[White "Aronian, L.."]
[Black "Firouzja, Alireza"]
[Result "1-0"]
[WhiteElo "2727"]
[BlackElo "2777"]
[PlyCount "133"]
[EventDate "2023.11.21"]

1. d4 Nf6 2. c4 e6 3. Nc3 Bb4 4. Nf3 b6 5. Qb3 a5 6. g3 Bb7 7. Bg2 d6 ({RR} 7... d5 8. O-O O-O 9. Bg5 Be7 10. Rac1 Nbd7 11. Rfd1 h6 12. Bxf6 Nxf6 13. Ne5 Rc8 14. c5 Ba6 15. cxb6 cxb6 16. Nb5 Bb4 17. a4 Qe8 18. Nc7 Bc4 19. Qxc4 dxc4 20. Nxe8 Rfxe8 21. Nxc4 Nd7 22. Bb7 {Bai,J (2618)-Vokhidov,S (2512) Chess.com INT 2020 1-0 (54)}) ({RR} 7... Ne4 8. O-O O-O 9. Nxe4 Bxe4 10. a3 Be7 11. Qe3 Bb7 12. b3 d6 13. Bb2 Nd7 14. Qc3 Bf6 15. Qc2 Rb8 16. b4 axb4 17. axb4 e5 18. Rfd1 Bxf3 19. Bxf3 exd4 20. Bxd4 Bxd4 21. Rxd4 Ne5 22. Bg2 {Hajiyev,K (2124)-Zampronha,W (2121) chess.com INT 2023 1-0 (36)}) 8. O-O Nbd7 $146 ({RR} 8... Bxc3 9. Qxc3 Nbd7 10. Ne1 Bxg2 11. Nxg2 O-O 12. Qc2 c5 13. Rd1 Qc7 14. dxc5 bxc5 15. Bf4 Ra6 16. Qd3 Ne8 17. g4 Qb7 18. Rd2 Nb8 19. Rad1 Rb6 20. Qc3 e5 21. Bg5 Nc6 22. Ne3 f6 23. Bh4 {Van Scheltinga,T-Hecht,H Wijk aan Zee 1971 0-1 (78)}) 9. Qc2 O-O 10. Rd1 Qe7 11. b3 c5 12. Bb2 d5 13. cxd5 Bxc3 14. d6 Qxd6 15. Qxc3 Qe7 16. dxc5 Nxc5 17. Ne5 Bxg2 18. Kxg2 Qb7+ 19. Qf3 Nfe4 20. Bd4 f5 21. Nc4 a4 22. b4 Nd7 23. Kg1 Ndf6 24. Bxf6 Rxf6 25. Qe3 Rc8 26. Rac1 b5 27. Ne5 Rff8 28. f3 Nf6 29. Rxc8 Qxc8 30. Rc1 Nd5 31. Rxc8 Nxe3 32. Rc5 Rb8 33. Nc6 Rb6 34. Nd4 a3 35. Nxb5 Nd5 36. Nxa3 Rxb4 37. Nc2 Ra4 38. a3 g5 39. Kf2 h5 40. Rb5 Rc4 41. Nb4 Nxb4 42. axb4 Kf7 43. Ke3 Rc3+ 44. Kd4 Rc2 45. Kd3 Rb2 46. Rb7+ Kf6 47. b5 Ke5 48. b6 Kd6 49. Rb8 Kc6 50. b7 g4 51. Ke3 gxf3 52. Kxf3 Rb6 53. Kf4 Rb4+ 54. Kg5 Re4 55. Rc8+ Kxb7 56. Rc2 h4 57. gxh4 Rg4+ 58. Kf6 Rg2 59. h3 f4 60. Rc4 Rxe2 61. Rxf4 e5 62. Rc4 Re3 63. h5 e4 64. Kg5 Kb6 65. h4 Kb5 66. Rc8 Re1 67. h6 1-0

[Event "Titled Tue 5th Sep Late"]
[Site "chess.com INT"]
[Date "2023.09.05"]
[Round "11"]
[White "Bluebaum, M.."]
[Black "Firouzja, Alireza"]
[Result "1/2-1/2"]
[WhiteElo "2670"]
[BlackElo "2777"]
[PlyCount "80"]
[EventDate "2023.09.05"]

1. d4 Nf6 2. c4 e6 3. Nc3 Bb4 4. e3 O-O 5. Bd2 c5 6. a3 Bxc3 7. Bxc3 Ne4 8. Ne2 b6 9. d5 Ba6 10. Qd3 exd5 11. Qxd5 Qe7 12. b3 ({RR} 12. Rd1 Nc6 13. b3 Rad8 14. Bb2 Bb7 15. Ng3 Na5 16. Qh5 g6 17. Qh6 f6 18. Bd3 Nxb3 19. f3 Ng5 20. Kf2 d5 21. Bxg6 hxg6 22. h4 Nh7 23. Qxg6+ Kh8 24. cxd5 Rg8 25. Qh6 Qg7 26. Qf4 Bxd5 {Firouzja,A (2778)-Giri,A (2760) Miami 2022 ½-½ (49)}) 12... Nc6 ({RR} 12... Re8 13. Bb2 Nxf2 14. Kxf2 Qxe3+ 15. Ke1 Qxb3 16. Qd2 Bxc4 17. Kf2 d5 18. Re1 Nc6 19. Nc1 Qa4 20. Bxc4 Qxc4 21. Bxg7 Rxe1 22. Rxe1 Qh4+ 23. Kf1 Kxg7 24. Qxd5 Qf4+ 25. Kg1 Qd4+ 26. Qxd4+ Nxd4 27. Re7 {Putrenko,K (2304)-Postnikov,A (2199) Sochi RUS 2025 0-1 (46)}) 13. Bb2 Na5 14. Ng3 Nf6 $146 ({RR} 14... Bb7 15. Qd3 f5 16. f3 Nxg3 17. hxg3 d5 18. cxd5 Rad8 19. Qc3 Rfe8 20. Kf2 Bxd5 21. Bb5 Bc6 22. Be2 Bd5 23. b4 Nb7 24. Rh5 Rd6 25. Rxf5 Be6 26. Re5 h6 27. Rd1 Qf7 28. Bc4 cxb4 29. axb4 {Abdusattorov,N (2713)-Gelfand,B (2668) Chess.com INT 2022 1-0 (33)}) 15. Qg5 Qd8 16. Nf5 Ne8 17. Qg3 f6 18. e4 Bb7 19. b4 Nc6 20. bxc5 bxc5 21. Be2 Ne5 22. Bxe5 fxe5 23. Qxe5 d6 24. Qe6+ Kh8 25. O-O g6 26. Ng3 Bc8 27. Qd5 Nc7 28. Qd2 Ne6 29. Rad1 Nd4 30. Bd3 Bg4 31. f3 Bxf3 32. gxf3 Nxf3+ 33. Rxf3 Rxf3 34. Be2 Rf8 35. Qc3+ Qf6 36. Qxf6+ Rxf6 37. Rb1 Re8 38. Kg2 h5 39. Bf3 Ref8 40. Rb3 Kg7 1/2-1/2

[Event "Titled Tue 15th Aug Early"]
[Site "chess.com INT"]
[Date "2023.08.15"]
[Round "6"]
[White "Bluebaum, M.."]
[Black "Firouzja, Alireza"]
[Result "0-1"]
[WhiteElo "2670"]
[BlackElo "2777"]
[PlyCount "98"]
[EventDate "2023.08.15"]

1. d4 Nf6 2. c4 e6 3. Nc3 Bb4 4. e3 b6 5. Bd3 Bb7 6. Nf3 O-O 7. Bd2 c5 8. a3 Bxc3 9. Bxc3 cxd4 10. Nxd4 d5 11. O-O Nbd7 12. Rc1 ({RR} 12. Be2 Rc8 13. Nb5 Ra8 14. Rc1 a6 15. Nd6 Bc6 16. cxd5 Bxd5 17. Nc4 Ne4 18. Bb4 Re8 19. f3 Nec5 20. e4 Bc6 21. Bc3 Ba4 22. Qe1 Qc7 23. Qg3 Qxg3 24. hxg3 Bb5 25. Kf2 Red8 26. Bb4 Nb3 {Bluebaum,M (2643)-Volkov,M (2325) chess.com INT 2025 1-0 (60)}) 12... Nc5 13. Be2 dxc4 14. Bxc4 Nd5 $146 ({RR} 14... Qe7 15. b4 Nce4 16. Bb2 Rfd8 17. Qe2 a5 18. bxa5 Rxa5 19. Rfd1 Rg5 20. f3 Nd6 21. Bb3 h5 22. e4 e5 23. h4 Rg3 24. Qe1 Nfxe4 25. fxe4 Qxh4 26. Nf3 Qg4 27. Qf2 Bxe4 28. Rc3 h4 29. Nxh4 {Bluebaum,M (2640)-Schmakel,S (2449) chess.com INT 2024 1-0 (37)}) 15. Bd2 Rc8 16. Qg4 Nf6 17. Qe2 Nfe4 18. Be1 Nd6 19. b4 Nxc4 20. bxc5 Qd5 21. Nf3 Ne5 22. e4 Qd3 23. Qe3 Ba6 24. Bb4 Nxf3+ 25. gxf3 Qxe3 26. fxe3 Bxf1 27. Kxf1 a5 28. Bd2 Rxc5 29. Rxc5 bxc5 30. Ke1 a4 31. Kd1 Rb8 32. Kc2 Rb3 33. Bc1 e5 34. h4 f6 35. h5 Kf7 36. h6 gxh6 37. f4 h5 38. fxe5 fxe5 39. Bd2 Ke6 40. Bc3 h4 41. Bxe5 Kxe5 42. Kd2 Rxa3 43. Ke2 Kxe4 44. Kf2 Rxe3 45. Kg2 a3 46. Kh2 a2 47. Kg2 a1=Q 48. Kh2 Qb2+ 49. Kg1 Re1# 0-1

[Event "Titled Tue 30th Apr Early"]
[Site "chess.com INT"]
[Date "2024.04.30"]
[Round "7"]
[White "Bok, B.."]
[Black "Firouzja, Alireza"]
[Result "1/2-1/2"]
[WhiteElo "2620"]
[BlackElo "2760"]
[PlyCount "156"]
[EventDate "2024.04.30"]

1. d4 Nf6 2. c4 e6 3. Nc3 Bb4 4. Qc2 d5 5. a3 Bxc3+ 6. Qxc3 dxc4 7. Qxc4 O-O 8. Bg5 h6 9. Bh4 b6 10. Rd1 Ba6 11. Qa4 Bb7 $146 ({RR} 11... Qe7 12. Nf3 c5 13. dxc5 bxc5 14. Ne5 Qb7 15. e3 Bxf1 16. Kxf1 Nd5 17. e4 Nb6 18. Qc2 Nc6 19. Nxc6 Qxc6 20. f3 c4 21. Be7 Rfc8 22. Bb4 a5 23. Bc3 Na4 24. Rd4 Rab8 25. Ke2 Nxc3+ 26. bxc3 {Nabaty,T (2644)-Babula,V (2552) Teplice 2017 ½-½ (57)}) 12. f3 Qd7 13. Qxd7 Nbxd7 14. e4 c5 15. Ne2 Rfc8 16. Nc3 cxd4 17. Rxd4 Nc5 18. Be2 Rd8 19. Bf2 Rxd4 20. Bxd4 Nb3 21. Be3 Nd7 22. Kf2 Kf8 23. Rd1 Ke7 24. Bb5 Rd8 25. Bc4 Na5 26. Be2 Rc8 27. Nb5 Rc2 28. Rd2 Rxd2 29. Bxd2 Nc6 30. Ke3 a6 31. Nd4 Nxd4 32. Kxd4 e5+ 33. Ke3 b5 34. Bb4+ Ke6 35. Bd1 Nb6 36. Bb3+ Nc4+ 37. Kd3 f5 38. exf5+ Kxf5 39. Bxc4 bxc4+ 40. Kxc4 e4 41. fxe4+ Bxe4 42. g3 h5 43. Bf8 g5 44. Kc5 Bd3 45. a4 Ke6 46. b4 Kd7 47. Kb6 Kc8 48. Be7 g4 49. Bd6 Be2 50. Bf4 Bd3 51. Kc5 Be2 52. Kd6 Bd1 53. b5 axb5 54. axb5 Kb7 55. Be3 Be2 56. b6 Bf1 57. Ke5 Bh3 58. Kf6 Kc6 59. Kg5 Kb7 60. Kxh5 Kc6 61. Kg5 Kb7 62. Kf6 Kc6 63. Ke7 Kb7 64. Kd6 Bf1 65. Kc5 Bh3 66. Bd4 Bg2 67. h4 gxh3 68. Bg1 Bf3 69. Bh2 Bg4 70. Bg1 Bf5 71. Kd6 Bc8 72. Ke5 h2 73. Bxh2 Kxb6 74. Kd6 Kb7 75. Bg1 Bh3 76. Ke5 Bg4 77. Kf4 Bc8 78. g4 Bxg4 1/2-1/2

[Event "ChessKid Cup Play-In"]
[Site "chess.com INT"]
[Date "2023.05.01"]
[Round "2.10"]
[White "Bok, B.."]
[Black "Firouzja, Alireza"]
[Result "0-1"]
[WhiteElo "2607"]
[BlackElo "2785"]
[PlyCount "108"]
[EventDate "2023.05.01"]

1. d4 Nf6 2. c4 e6 3. Nc3 Bb4 4. Qc2 b6 5. e4 c5 6. d5 Qe7 7. Nge2 exd5 8. exd5 O-O 9. Bg5 ({RR} 9. Bd2 Re8 10. f3 d6 11. O-O-O Nbd7 12. Ng3 Ne5 13. Re1 Qf8 14. Bg5 Nfd7 15. Nf5 h6 16. Bd2 Nf6 17. f4 Bxf5 18. Qxf5 Neg4 19. Be2 Nf2 20. Rhf1 N2e4 21. Nxe4 Rxe4 22. Bxb4 cxb4 23. Bd3 Rxe1+ {Indjic,A (2595)-Firouzja,A (2760) chess.com INT 2024 0-1 (53)}) 9... d6 10. O-O-O Re8 ({RR} 10... h6 11. Bh4 Re8 12. f3 Nbd7 13. Kb1 Ne5 14. Nc1 Bxc3 15. Bxf6 Qxf6 16. Qxc3 Bf5+ 17. Ka1 Re7 18. g3 Bg6 19. Bg2 Qf5 20. Nb3 Rae8 21. Nd2 Qd3 22. Bf1 Qxc3 23. bxc3 Bc2 24. Re1 Kf8 25. Re3 {Sanchez Alvarez,R (2373)-Diaz Perez,M (2474) San Vicente ESP 2025 0-1 (68)}) 11. Ng3 $146 ({RR} 11. f3 h6 12. Bh4 Nbd7 13. Kb1 a6 14. Ng3 Bxc3 15. Nf5 Qd8 16. Qxc3 Ne5 17. Qc2 Rb8 18. Re1 b5 19. cxb5 axb5 20. Bd3 c4 21. Be4 b4 22. b3 cxb3 23. axb3 Ra8 24. Kb2 Bxf5 25. Bxf5 Qa5 {Mis,M (2300)-Campos,M (2212) Suwalki POL 2023 0-1 (36)}) 11... h6 12. Bf4 Ng4 13. Nce4 Ne5 14. a3 Ba5 15. Bd3 Nbd7 16. Kb1 Nf8 17. Be2 f5 18. Nc3 Neg6 19. Bc1 Bxc3 20. Qxc3 f4 21. Nh5 Qf7 22. Bf3 Bf5+ 23. Ka1 Be4 24. Rhg1 Bxf3 25. gxf3 Re5 26. Bxf4 Rxh5 27. Bxd6 Re8 28. Rde1 Rxe1+ 29. Rxe1 Rf5 30. f4 Nd7 31. Qc2 Rf6 32. Bc7 Nxf4 33. Bd8 Qg6 34. Qxg6 Rxg6 35. Re7 Nf6 36. Rxa7 Ne4 37. Ka2 Nd2 38. Bc7 Nd3 39. b3 Ne4 40. Kb1 Rg2 41. Kc2 Ndxf2 42. a4 Ng4+ 43. Kd3 Ngf6 44. a5 bxa5 45. Bxa5 Rxh2 46. Ke3 Rh3+ 47. Kf4 Rxb3 48. Bc7 Rc3 49. d6 Rxc4 50. Kf5 Rd4 51. Kg6 Nxd6 52. Bxd6 Rxd6 53. Rxg7+ Kf8 54. Ra7 Nd7+ 0-1

[Event "chess.com SpeedChess 2024"]
[Site "chess.com INT"]
[Date "2024.08.06"]
[Round "2.14"]
[White "Caruana, F.."]
[Black "Firouzja, Alireza"]
[Result "0-1"]
[WhiteElo "2796"]
[BlackElo "2744"]
[PlyCount "61"]
[EventDate "2024.07.25"]
[EventType "k.o."]

1. d4 Nf6 2. c4 e6 3. Nc3 Bb4 4. e3 O-O 5. a3 Bxc3+ 6. bxc3 b6 7. Bd3 Bb7 8. f3 c5 9. e4 Nc6 10. Nh3 Ne8 11. Be3 Ba6 12. O-O Na5 13. Qe2 Rc8 14. d5 f6 $146 ({RR} 14... Nd6 15. e5 Ndxc4 16. Bg5 Qc7 17. Qe4 g6 18. Bf6 Nd6 19. exd6 Qxd6 20. Bxa6 exd5 21. Qe7 {1-0 (21) Caruana,F (2781)-Svane,R (2648) Chess.com INT 2022}) 15. f4 Nd6 16. e5 Ndxc4 17. Bf2 f5 18. d6 Qe8 19. a4 Qg6 20. Ng5 Bb7 21. h4 Bd5 22. h5 Qe8 23. g4 h6 24. Nh3 fxg4 25. Qxg4 Nd2 26. Bh4 Nxf1 27. Rxf1 Rf5 28. Bxf5 exf5 29. Qe2 Bc4 30. Qf3 Bxf1 31. Kxf1 0-1

[Event "Titled Tue 27th Feb Late"]
[Site "chess.com INT"]
[Date "2024.02.27"]
[Round "6"]
[White "Chigaev, M.."]
[Black "Firouzja, Alireza"]
[Result "1-0"]
[WhiteElo "2622"]
[BlackElo "2760"]
[PlyCount "101"]
[EventDate "2024.02.27"]

1. d4 Nf6 2. c4 e6 3. Nc3 Bb4 4. e3 O-O 5. Bd3 d5 6. a3 Bxc3+ 7. bxc3 c6 8. Ne2 b6 9. cxd5 cxd5 10. O-O Ba6 11. f3 Bxd3 12. Qxd3 Nc6 13. e4 Na5 $146 ({RR} 13... Qd7 14. c4 dxc4 15. Qxc4 Rac8 16. Bg5 e5 17. d5 Nd4 18. Qd3 Nxe2+ 19. Qxe2 Ne8 20. Bd2 Nd6 21. Bb4 a5 22. Bxd6 Qxd6 23. Qb2 Rc5 24. h3 Rfc8 25. Rfc1 h5 26. Kh2 f5 27. Rxc5 Rxc5 28. Rb1 {Robson,R (2693)-Oparin,G (2662) Saint Louis USA 2024 ½-½ (55)}) ({RR} 13... Nd7 14. a4 Rc8 15. Nf4 Ne7 16. Ba3 Re8 17. Bxe7 Qxe7 18. exd5 e5 19. Rfe1 Qd6 20. dxe5 Rxe5 21. Qd4 Kf8 22. Red1 Qc5 23. Qxc5+ Nxc5 24. c4 g5 25. Nh5 Nd7 26. a5 Rxc4 27. axb6 axb6 28. Ra7 {Salem,A (2631)-Prraneeth,V (2474) Al Ain UAE 2025 ½-½ (46)}) 14. Bg5 h6 15. Bh4 g5 16. Bg3 Nh5 17. e5 f5 18. exf6 Qxf6 19. Bd6 Rf7 20. g4 Nc4 21. Be5 Nxe5 22. dxe5 Nf4 23. Nxf4 Qxf4 24. Qg6+ Kh8 25. Qxe6 Kg7 26. Qxd5 Rc8 27. Rae1 Qc4 28. Qd6 Qc5+ 29. Qxc5 Rxc5 30. Re3 Re7 31. Rfe1 Ra5 32. c4 Ra4 33. Rc3 Ra5 34. Kf2 Raxe5 35. Rxe5 Rxe5 36. Kg3 Rc5 37. Rd3 Rxc4 38. Rd7+ Kg6 39. Rxa7 Rc3 40. Ra6 Rb3 41. a4 Kg7 42. h3 Rb4 43. h4 Kh7 44. h5 Kg7 45. Kf2 Rb3 46. Ke2 Kh7 47. Ra8 Kg7 48. Ra7+ Kg8 49. Rb7 Rb4 50. Ra7 Rb3 51. Kf2 1-0

[Event "Superbet ROM Classic 2024"]
[Site "Bucharest ROU"]
[Date "2024.07.03"]
[Round "7.4"]
[White "Deac, Bogdan-Daniel"]
[Black "Firouzja, Alireza"]
[Result "1/2-1/2"]
[WhiteElo "2680"]
[BlackElo "2737"]
[PlyCount "89"]
[EventDate "2024.06.26"]

1. d4 Nf6 2. c4 e6 3. Nc3 Bb4 4. e3 O-O 5. Bd3 c5 6. Nf3 b6 7. O-O Bb7 8. Na4 cxd4 9. exd4 Re8 10. a3 Bf8 11. b4 d6 12. Nc3 ({RR} 12. Bb2 Nbd7 13. Re1 g6 14. Rc1 Rc8 15. Nc3 a6 16. Nd2 e5 17. Nce4 Nh5 18. Bf1 f5 19. Ng3 Nf4 20. dxe5 dxe5 21. Qb3 Kh8 22. Nf3 Bg7 23. Rcd1 Qe7 24. Rd2 Rc7 25. Red1 e4 26. Bxg7+ Qxg7 {Praggnanandhaa,R (2678)-Le,Q (2728) chess24.com INT 2022 1-0 (53)}) ({RR} 12. Be3 Nbd7 13. Be2 Ne4 14. Rc1 Rc8 15. Qb3 Rc7 16. Rfd1 Qa8 17. Ne1 g6 18. f3 Nef6 19. Nc3 a6 20. Nd3 Bg7 21. a4 Nh5 22. Qa2 Qd8 23. Nf2 f5 24. Nh3 h6 25. a5 Kh7 26. axb6 Nxb6 {Zemlyanskii,I (2563)-Injac,T (2474) Sharjah UAE 2025 1-0 (50)}) 12... a5 $146 ({RR} 12... Nbd7 13. Ng5 Rc8 14. f4 a6 15. Bb2 h6 16. Nf3 g6 17. Qd2 Bg7 18. Rae1 Qc7 19. Kh1 Nh5 20. Rc1 Qb8 21. d5 exd5 22. Nxd5 Bxb2 23. Qxb2 b5 24. Qd4 Bxd5 25. cxd5 Qb6 26. g3 Nhf6 27. Qxb6 {Gonzalez Garcia,J (2447)-Lopez Martinez,J (2481) Mataro 2004 0-1 (53)}) 13. Rb1 axb4 14. axb4 e5 15. Be2 Ne4 16. Nxe4 Bxe4 17. Rb2 Nc6 18. Be3 Rc8 19. dxe5 Bxf3 20. Bxf3 Nxe5 21. Bd5 Nxc4 22. Rc2 b5 23. Qe2 Qd7 24. Bxc4 bxc4 25. Rxc4 Rxc4 26. Qxc4 d5 27. Qb3 Qb5 28. Rd1 Rd8 29. Bd2 d4 30. h3 Qe2 31. Qf3 d3 32. b5 Rb8 33. Qxe2 dxe2 34. Re1 Rxb5 35. Rxe2 f6 36. g3 Kf7 37. Be3 Bc5 38. Bxc5 Rxc5 39. h4 h5 40. Kg2 Ra5 41. Rd2 Rc5 42. Re2 Ra5 43. Rd2 Rc5 44. Re2 Ra5 45. Rd2 1/2-1/2